Normal view
MARC view
- Madhow, Upamanyu
Entry Personal Name
001 - CONTROL NUMBER
- control field: 65650
003 - CONTROL NUMBER IDENTIFIER
- control field: NUST
005 - DATE AND TIME OF LATEST TRANSACTION
- control field: 20210628203453.0
008 - FIXED-LENGTH DATA ELEMENTS
- fixed length control field: 210628|| aca||aabn | a|a d
040 ## - CATALOGING SOURCE
- Original cataloging agency: NUST
- Transcribing agency: NUST
100 ## - HEADING--PERSONAL NAME
- Personal name: Madhow, Upamanyu
670 ## - SOURCE DATA FOUND
- Source citation: Work cat.: (NUST): Madhow, Upamanyu, Fundamentals of digital communication, 2008
